Lecciones de Lengua castellana. Curso elemental

Saved in:
Bibliographic Details
Corporate Author: Hermanos de las Escuelas Cristianas (Author)
Format: Book
Language:Spanish
Published: Santiago Imprenta de la Gratitud Nacional 1910
Edition:4a. ed
Subjects:
Tags: Add Tag
No Tags, Be the first to tag this record!

MARC

LEADER 00000nam a2200000 a 4500
001 UCJ8230
003 CL-VaPUC
008 070124e19100000CL |||||||||||||||||spa|d
082 0 4 |a 465  |b HER  |2 21 
110 2 |a Hermanos de las Escuelas Cristianas  |e author  |9 516976 
245 1 0 |a Lecciones de Lengua castellana. Curso elemental 
250 |a 4a. ed 
300 |a 108 p 
942 |c BK 
945 |d 20070124 00:00:00  |a rinostro 
260 |a Santiago  |b Imprenta de la Gratitud Nacional  |c 1910 
650 0 |a Lenguaje y lenguas  |9 265846 
650 7 |a GRAMATICA CASTELLANA  |2 CL-VaPUC  |9 516977 
650 0 |a Textos escolares  |9 382843 
583 |a last modification  |c 20070124 00:00:00  |k Rodrigo Vera 
999 |c 324017  |d 324015 
952 |0 0  |1 0  |4 0  |6 465_000000000000000_HER_1910  |7 0  |8 X  |9 403912  |a FDOBUD  |b FDOBUD  |d 2019-11-22  |i 1074814  |o 465 HER 1910  |p 1074814  |r 2019-11-22  |w 2019-11-22  |y BK_X  |k BUD